Nippon : A charted survey of Japan 1971
Guardat en:
| Format: | Llibre |
|---|---|
| Idioma: | Undetermined |
| Publicat: |
Japan
Konkusei- Sha
1971
|
| Matèries: | |
| Etiquetes: |
Afegir etiqueta
Sense etiquetes, Sigues el primer a etiquetar aquest registre!
|
| Thư viện lưu trữ: | Trung tâm Học liệu Trường Đại học Cần Thơ |
|---|
| LEADER | 00500nam a2200193Ia 4500 | ||
|---|---|---|---|
| 001 | CTU_108939 | ||
| 008 | 210402s9999 xx 000 0 und d | ||
| 082 | |a 952.005 | ||
| 082 | |b N719/1971 | ||
| 245 | 0 | |a Nippon : | |
| 245 | 2 | |b A charted survey of Japan 1971 | |
| 245 | 4 | |c The Tsuneta Yano Memoirial Society | |
| 260 | |a Japan | ||
| 260 | |b Konkusei- Sha | ||
| 260 | |c 1971 | ||
| 650 | |a Japan | ||
| 650 | |x History | ||
| 904 | |i M.Loan | ||
| 980 | |a Trung tâm Học liệu Trường Đại học Cần Thơ | ||